000 00298nam a2200145Ia 4500
650 _aProjects
942 _cBK
366 _f20
654 _aprojects
245 _aMake:Easy 1+2+3 projects from the pages
260 _bSPD
_c2015
300 _a149
546 _aENGLISH
_cComputers
999 _c26985
_d26985